LIBRARY & INFORMATION CENTRE, KCAET, TAVANUR

ONLINE PUBLIC ACCESS CATALOGUE (OPAC)

Introduction to mathematical probability / (Record no. 10909)

MARC details
000 -LEADER
fixed length control field 00409cam a2200157ua 4500
041 ## - LANGUAGE CODE
Language code of text/sound track or separate title eng
082 ## - DEWEY DECIMAL CLASSIFICATION NUMBER
Classification number 519.2
Item number USP/IN
100 ## - MAIN ENTRY--AUTHOR NAME
Personal name Uspensky, J V .
245 ## - TITLE STATEMENT
Title Introduction to mathematical probability /
250 ## - EDITION STATEMENT
Edition statement 1 /
260 ## - PUBLICATION, DISTRIBUTION, ETC. (IMPRINT)
Place of publication New York :
Name of publisher McGraw Hill Book Company ,
Year of publication 1937.
300 ## - PHYSICAL DESCRIPTION
Number of Pages 411 ; .
942 ## - ADDED ENTRY ELEMENTS (KOHA)
Koha item type Books
Holdings
Withdrawn status Lost status Damaged status Home library Current library Date acquired Full call number Accession Number Koha item type
      KAUAET KAUAET 07/04/2012 519.2 USP/IN 9785 Books
free website counter